[Event "Capablanca Memorial U15 2nd"]
[Site "Havana"]
[Date "2018.05.14"]
[Round "2"]
[White "Tapia Sanchez, Marcos"]
[Black "Valdes Rosell, Jenifer De la Cari"]
[Result "1-0"]
[WhiteElo "1897"]
[BlackElo "1189"]
[PlyCount "77"]
[EventDate "2018.05.14"]
[EventType "swiss"]
[EventRounds "7"]
[EventCountry "CUB"]
[SourceTitle "EXT 2021"]
[Source "ChessBase"]
[SourceDate "2020.10.23"]
[SourceVersion "1"]
[SourceVersionDate "2020.10.23"]
[SourceQuality "1"]

1. d4 d5 2. Nf3 e6 3. Bg5 Nf6 4. e3 Nbd7 5. Nbd2 Be7 6. Bd3 0-0 7. 0-0 h6 8. Bf4 b6 9. Ne5 c5 10. Nc6 Qe8 11. c3 Bb7 12. Nxe7+ Qxe7 13. Nf3 Rfe8 14. Ne5 Rac8 15. Qa4 c4 16. Qxa7 cxd3 17. Qxb7 Nxe5 18. Qxe7 Nf3+ 19. gxf3 Rxe7 20. Rfd1 Nh5 21. Bd6 Ree8 22. Rxd3 Rc6 23. Bb4 e5 24. dxe5 Rg6+ 25. Kf1 Rxe5 26. f4 Rf5 27. Rad1 Nf6 28. Be7 Ng4 29. Rxd5 Nxh2+ 30. Ke2 Rxd5 31. Rxd5 Re6 32. Bd8 g6 33. f3 h5 34. Bh4 Kg7 35. Bg3 Nf1 36. Kxf1 Rxe3 37. Rd6 Rxf3+ 38. Kg2 Re3 39. Rxb6 1-0

[Event "Havana Gilberto Garcia Memorial"]
[Site "Havana"]
[Date "2018.??.??"]
[Round "2"]
[White "Barroso Abreu, German"]
[Black "Tapia Sanchez, Marcos"]
[Result "1-0"]
[WhiteElo "1904"]
[BlackElo "1897"]
[PlyCount "44"]
[EventDate "2018.03.29"]
[EventType "tourn"]
[EventRounds "9"]
[EventCountry "CUB"]
[SourceTitle "EXT 2021"]
[Source "ChessBase"]
[SourceDate "2020.10.23"]
[SourceVersion "1"]
[SourceVersionDate "2020.10.23"]
[SourceQuality "1"]

1. e4 c5 2. Nf3 e6 3. d4 d5 4. exd5 exd5 5. Bb5+ Nc6 6. 0-0 Bd6 7. dxc5 Bxc5 8. b4 Bxb4 9. Qd4 Bf8 10. Re1+ Nge7 11. Ba3 Be6 12. Ne5 Qc7 13. c4 Rc8 14. Qxa7 Ng6 15. Bxf8 Nxf8 16. Nc3 Nd7 17. Nxd5 Nxa7 18. Bxd7+ Qxd7 19. Nxd7 Kxd7 20. Nb6+ Ke7 21. Nxc8+ Rxc8 22. Rab1 Rb8 1-0

[Event "Maria Teresa Mora Memorial op"]
[Site "Havana"]
[Date "2018.??.??"]
[Round "3"]
[White "Tapia Sanchez, Marcos"]
[Black "Interian Rodriguez, Alberto de Dios"]
[Result "0-1"]
[WhiteElo "1927"]
[BlackElo "2063"]
[PlyCount "74"]
[EventDate "2018.03.08"]
[EventType "swiss"]
[EventRounds "9"]
[EventCountry "CUB"]
[SourceTitle "EXT 2021"]
[Source "ChessBase"]
[SourceDate "2020.10.23"]
[SourceVersion "1"]
[SourceVersionDate "2020.10.23"]
[SourceQuality "1"]

1. d4 Nf6 2. Nf3 g6 3. Bg5 Bg7 4. c3 0-0 5. Nbd2 d6 6. e4 c6 7. Bd3 Nbd7 8. Nf1 e5 9. Ng3 Qc7 10. Qd2 Re8 11. 0-0 Nf8 12. Bh6 Ne6 13. Bxg7 Kxg7 14. dxe5 dxe5 15. Ng5 Nf4 16. Bc4 Re7 17. Rad1 h6 18. Nf3 Bg4 19. Qd6 Bxf3 20. Qxc7 Rxc7 21. gxf3 Kf8 22. Rd6 Ke7 23. Rfd1 Rf8 24. Kf1 Rd7 25. Rxd7+ Nxd7 26. b4 b5 27. Bd3 Nb6 28. Ne2 Nxe2 29. Kxe2 g5 30. h3 Rc8 31. Ra1 Ra8 32. a4 a5 33. axb5 a4 34. Bc2 cxb5 35. h4 f6 36. hxg5 fxg5 37. Rh1 h5 0-1

[Event "Havana Gilberto Garcia Memorial"]
[Site "Havana"]
[Date "2018.??.??"]
[Round "7"]
[White "Tapia Sanchez, Marcos"]
[Black "Otero Marino, Alain"]
[Result "1/2-1/2"]
[WhiteElo "1897"]
[BlackElo "2025"]
[PlyCount "41"]
[EventDate "2018.03.29"]
[EventType "tourn"]
[EventRounds "9"]
[EventCountry "CUB"]
[SourceTitle "EXT 2021"]
[Source "ChessBase"]
[SourceDate "2020.10.23"]
[SourceVersion "1"]
[SourceVersionDate "2020.10.23"]
[SourceQuality "1"]

1. e4 e5 2. Nf3 Nc6 3. Bc4 Nf6 4. d3 Bc5 5. Nbd2 0-0 6. c3 d6 7. Qe2 Bb6 8. h3 h6 9. Nf1 Be6 10. Bb5 Ne7 11. Ng3 Ng6 12. 0-0 c6 13. Ba4 Nf4 14. Bxf4 exf4 15. Nf5 Bxf5 16. exf5 Nh5 17. d4 d5 18. Bc2 Bc7 19. Qd3 Nf6 20. Ne5 Re8 21. Rfe1 1/2-1/2

[Event "Havana Gilberto Garcia Memorial"]
[Site "Havana"]
[Date "2018.??.??"]
[Round "1"]
[White "Tapia Sanchez, Marcos"]
[Black "Portal Ramos, Cristian"]
[Result "1-0"]
[WhiteElo "1897"]
[BlackElo "2056"]
[PlyCount "38"]
[EventDate "2018.03.29"]
[EventType "tourn"]
[EventRounds "9"]
[EventCountry "CUB"]
[SourceTitle "EXT 2021"]
[Source "ChessBase"]
[SourceDate "2020.10.23"]
[SourceVersion "1"]
[SourceVersionDate "2020.10.23"]
[SourceQuality "1"]

1. d4 Nf6 2. Nf3 g6 3. Bg5 d5 4. e3 Bg7 5. Bd3 0-0 6. Ne5 c5 7. c3 Nfd7 8. f4 Qe8 9. Qf3 c4 10. Bc2 Nb6 11. a4 a5 12. Ng4 f6 13. Bh4 g5 14. Bf2 h5 15. h3 e5 16. dxe5 fxe5 17. e4 Rxf4 18. Qd1 hxg4 19. Bxb6 d4 1-0